| 000 | 00785nam a2200217Ia 4500 | ||
|---|---|---|---|
| 003 | GCL | ||
| 008 | 140319s9999 xx 000 0 ara d | ||
| 040 |
_aGCL / _cGCL |
||
| 082 | 0 | 4 |
_a915.6531 _bم ح |
| 100 | 1 | _aمارينو، بريجيت | |
| 245 | 1 | 0 |
_aحى الميدان فى العصر العثمانى / _cمارينو، بريجيت |
| 260 |
_aسوريا : _bدار المدى للثقافة والنشر ، _c2000 |
||
| 300 |
_a495 ص ؛ _c24 سم |
||
| 650 | 0 | 4 | _aسوريا - تاريخ - العصر العثمانى |
| 650 | 0 | 4 | _aحى الميدان |
| 650 | 0 | 4 | _aسوريا - جغرافيا |
| 650 | 0 | 4 | _aالاحياء السكنية - سوريا |
| 650 | 0 | 4 | _aدمشق - احياء وضواحى |
| 650 | 0 | 4 | _aتخطيط المدن - سوريا |
| 942 |
_2ddc _cBK |
||
| 999 |
_c8109 _d8109 |
||